000 00841nam a2200253Ia 4500
003 OSt
005 20220927103918.0
006 a|||||r|||| 00| 0
007 ta
008 220926b |||||||| |||| 00| 0 eng d
024 _a106843
037 _cReference Collections
040 _aRTL
_cRTL
_beng
041 _2eng
_aeng
082 _a"X9(J4):9F.2.N7, M0/GD"
110 _a"India, Government Of ...Labour (Bureau Of-)"
_9362147
245 0 _aSocio-economic conditions of women workers in plantations
260 _aDelhi
_bManager Of Publication India
_c1980
300 _a102p.
_ccm.
650 _aAgriculture Industry - Wheat
_9362148
700 _a"India, Government Of ...Labour (Bureau Of-)"
_9362149
942 _h"X9(J4):9F.2.N7, M0/GD"
_cCC
999 _c685115
_d685115